Sans titre de noblesse : Roman

Shranjeno v:
Bibliografske podrobnosti
Glavni avtor: Devos, Raymond
Format: Knjiga
Jezik:Undetermined
Izdano: París, Francia Le Cherche Midi 2005
Teme:
Oznake: Označite
Brez oznak, prvi označite!

MARC

LEADER 00000nam a2200000Ia 4500
008 170316s9999 xx 000 0 und d
040 |a cru BVZT 
090 |a 840 D-17s 
100 |a Devos, Raymond 
245 |a Sans titre de noblesse : Roman 
260 |a París, Francia 
260 |b Le Cherche Midi 
260 |c 2005 
300 |a 190 páginas 
650 |a LITERATURA FRANCESA 
650 |a NOVELA 
650 |a EN IDIOMA FRANCÉS 
999 |c 7641  |d 7641 
942 |c 15 D  |h 840 D-17s  |2 z